00254nam a22000977a 4500020001800000100002700018245003300045264004100078300002000119999001700139 a97899456495501 aMora, Jenif fer98760703aEl Método cuentas claras  aSanto Domingo :bPrintbarato,c2024. a186 páginas ; c58874d58874